000 00765nam a22002417a 4500
003 OSt
005 20230315103835.0
008 221006b |||||||| |||| 00| 0 eng d
040 _cBiblioteca Lado V
082 _a700
_bD963f
110 _9792
_aDurian Publications Ltd.
_eeditor
245 _aFrieze/
260 _c2005
_aNew York
300 _c23x30cm
_a134p.
366 _eeng
490 _a89
_v2005
_x0962 0672
650 _2Tesauro de Arte & Arquitectura
_aARTE
_9703
650 _2Tesauro de Arte & Arquitectura
_aREVISTA
650 _2Tesauro de Arte & Arquitectura
_aTEORIA
650 _2Tesauro de Arte & Arquitectura
_aARTE CONTEMPORANEO
650 _2Tesauro de Arte & Arquitectura
_aCRITICA
942 _2ddc
_c1
_h700
_iD962f
_n0
999 _c3205
_d3205